000 00666nam a2200277Ia 4500
005 20260324143928.0
008 008 260324s9999 xx 000 0 eng d
020 _a9780429278433
037 _aEBOOK
040 _aCRL
040 _beng
040 _cCRL
041 _2eng
041 _aeng
084 _qCRL
100 _aR. Bruce Douglass; Gerald M. Mara; Henry S. Richardson
_91217447
245 0 _aLiberalism and the Good
260 _bTaylor and Francis
260 _c1990
365 _a
365 _b205
856 _uhttp://www.taylorfrancis.com/books/9780429278433
942 _cEBOOK
999 _c1823432
_d1823432